[Event "45th Olympiad Budapest 2024"]
[Site "Budapest"]
[Date "2024.09.11"]
[Round "1"]
[Board "4"]
[White "Machlik, Monika"]
[Black "Van Wyk, Keisha C"]
[Result "1-0"]
[WhiteElo "2109"]
[BlackElo "1599"]
[PlyCount "47"]
[EventDate "2024.09.11"]
[EventType "team-tourn"]
[EventRounds "11"]
[EventCountry "HUN"]
[WhiteTeam "Norway"]
[BlackTeam "Namibia"]
[WhiteTeamCountry "NOR"]
[BlackTeamCountry "NAM"]

1. d4 Nf6 2. c4 g6 3. Nc3 Bg7 4. g3 O-O 5. Bg2 d6 6. Nf3 a6 7. O-O Nbd7 8. e4 c5 9. e5 ({RR} 9. Qe2 cxd4 10. Nxd4 e5 11. Nc2 Qc7 12. f4 exf4 13. Bxf4 Ne5 14. Rad1 Bg4 15. Bf3 Bxf3 16. Rxf3 Nxf3+ 17. Qxf3 Qxc4 18. Rd4 Qc6 19. Rxd6 Qc5+ 20. Kg2 Rfe8 21. e5 Nh5 22. Rd3 Nxf4+ 23. gxf4 Qb6 {0-1 Motta,A-Pinto,V (1346) 9th Floripa Open 2023 (10.141)}) 9... Ng4 $146 ({RR} 9... Ne8 10. dxc5 dxe5 11. Be3 Nc7 12. Qd2 f5 13. Rad1 e4 14. Ng5 h6 15. Ngxe4 fxe4 16. Bh3 Rf5 17. Bxf5 gxf5 18. Bxh6 Qf8 19. Bxg7 Qxg7 20. f3 exf3 21. Rxf3 Nf8 22. Nd5 Nxd5 23. cxd5 e5 24. Rc1 {1-0 Kushnir,A-Bilek,I Lone Pine op Louis D. Statham Masters 1975 (7)}) ({RR} 9... dxe5 10. dxe5 Ng4 11. e6 fxe6 12. Na4 Qa5 13. Bd2 Qc7 14. Qe1 Nde5 15. Ba5 Nxf3+ 16. Bxf3 Ne5 17. Bg2 b6 18. Nxb6 Rb8 19. Na4 Qd7 20. Bc3 Nf3+ 21. Bxf3 Rxf3 22. Nxc5 Qc6 23. Bxg7 Qxc5 24. Qe5 {1-0 Adams,M (2725)-Lind,J (2217) Gibraltar Masters 11th 2013 (1)}) ({RR} 9... dxe5 10. dxe5 Ng4 11. e6 fxe6 12. Qe2 Nde5 13. Rd1 Qc7 14. Nxe5 Nxe5 15. Bf4 Rf5 16. Bh3 Qc6 17. Rd8+ Kf7 18. Ne4 Qb6 19. Rxc8 Rxc8 20. Bxf5 gxf5 21. Ng5+ Kg6 22. Bxe5 Bxe5 23. Qxe5 Kxg5 24. Qg7+ {1-0 Machlik,M (2106)-Hansen,E (1860) NOR-ch (Women) 2020 (1)}) ({RR} 9... dxe5 10. dxe5 Ng4 11. e6 fxe6 12. Qe2 Nde5 13. Nxe5 Nxe5 14. Be3 Qd3 15. Bxc5 Qxe2 {½-½ Tiller,B (2305)-Mokry,K (2310) World U20-ch17 1978 (8)}) ({RR} 9... Ne8 10. exd6 Nxd6 11. b3 Nf5 12. Ne2 cxd4 13. Nfxd4 Nc5 14. Bb2 Qc7 15. b4 Nxd4 {½-½ Demeny,A (2200)-Palvolgyi,I (2245) HUN-chT2 9495 1994}) 10. exd6 exd6 11. Bf4 Qb6 12. Na4 Qb4 13. Bxd6 Re8 14. b3 Re6 15. Bc7 Ra7 16. a3 Qxa4 17. bxa4 b6 18. Bf4 Re8 19. Rb1 cxd4 20. Nxd4 h5 21. Nc6 Rb7 22. Re1 Rf8 23. Ne7+ Kh7 24. Nxc8 1-0

[Event "45th Olympiad Budapest 2024"]
[Site "Budapest"]
[Date "2024.09.11"]
[Round "1"]
[Board "2"]
[White "Karimi, Setayesh"]
[Black "Sokolova, Larisa"]
[Result "1-0"]
[WhiteElo "2105"]
[BlackElo "1705"]
[PlyCount "81"]
[EventDate "2024.09.11"]
[EventType "team-tourn"]
[EventRounds "11"]
[EventCountry "HUN"]
[WhiteTeam "Iran"]
[BlackTeam "Cyprus"]
[WhiteTeamCountry "IRI"]
[BlackTeamCountry "CYP"]

1. d4 d5 2. c4 c6 3. Nc3 Nf6 4. cxd5 Nxd5 5. e4 Nxc3 6. bxc3 g6 ({RR} 6... e5 7. Nf3 Bg4 8. Bc4 Nd7 9. Qb3 Qf6 10. Nxe5 Nxe5 11. dxe5 Qe7 12. h3 Bc8 13. a4 Qxe5 14. Bxf7+ Kd8 15. O-O Bd6 16. Rd1 Kc7 17. Ba3 Bxa3 18. Qxa3 Bd7 19. Rd4 Rhf8 20. Bb3 Rae8 21. Rad1 {0-1 Csonka,B (2497)-Santos Ruiz,M (2587) Titled Tue 15th Nov Early 2022 (7)}) ({RR} 6... e5 7. Be3 exd4 8. Bxd4 c5 9. Be3 Qxd1+ 10. Rxd1 Be6 11. Bb5+ Nc6 12. Nf3 f6 13. a4 Rc8 14. e5 Be7 15. exf6 gxf6 16. O-O a6 17. Bxc6+ Rxc6 18. a5 Kf7 19. Rfe1 Rd8 20. Rb1 Rd7 21. h3 {1-0 Schuster,K (2290)-Rodriguez Lopez,D (2200) Titled Tue 19th Mar Late 2024 (8)}) 7. Bc4 b5 $146 ({RR} 7... Bg7 8. Ne2 O-O 9. O-O e5 10. Be3 Nd7 11. Rb1 b5 12. Bb3 Nb6 13. Qc2 Ba6 14. Rfd1 Qc7 15. f4 exd4 16. cxd4 Nc4 17. Bxc4 bxc4 18. Nc3 Rab8 19. Na4 Rxb1 20. Rxb1 Rb8 21. Nc5 Bc8 22. Rc1 {1-0 Marino Bravo,M-Castanon Rivero,J Asturias-chT Preferente 8687 1986 (2.1)}) ({RR} 7... Bg7 8. Ne2 O-O 9. O-O b5 10. Bb3 a5 11. a3 Nd7 12. Ng3 e5 13. Be3 Bb7 14. Qd2 Nb6 15. Bg5 Qc7 16. h4 c5 17. d5 c4 18. Bc2 Nc8 19. Bh6 Nd6 20. h5 Qe7 21. Rae1 Rae8 22. Bxg7 {1-0 Parra Gomez,A (2208)-Lukovic,V (2440) Titled Tue 14th Nov Early 2023 (6)}) ({RR} 7... Bg7 8. h3 c5 9. Ne2 cxd4 10. cxd4 O-O 11. O-O Nc6 12. Be3 e5 13. d5 Na5 14. Bb5 b6 15. Bd2 Nb7 16. Bc6 Rb8 17. Rc1 Nc5 18. Bb4 Nxe4 19. Bxf8 Qxf8 20. Qa4 Bf5 21. g4 Nc5 22. Rxc5 {1-0 Sukdolak,R (1866)-Ivanov,A (1000) Senica op 6th 2015 (1)}) 8. Bb3 Bg7 9. Nf3 O-O 10. O-O Nd7 11. Be3 Bb7 12. Qe2 a6 13. Rad1 Qc7 14. c4 e6 15. c5 Nf6 16. Bg5 a5 17. Ne5 a4 18. Bc2 Nd7 19. Be7 Rfe8 20. Bd6 Qd8 21. Ng4 Bf8 22. Bf4 f6 23. Qd2 Qe7 24. e5 fxe5 25. Nxe5 Nxe5 26. Bxe5 Bg7 27. Rfe1 Rad8 28. Bd6 Qf7 29. Qg5 Bf6 30. Qg3 Be7 31. Be5 Bf6 32. h4 Rd5 33. h5 g5 34. Be4 Rd7 35. Bf3 h6 36. Bg4 Bxe5 37. Qxe5 Rde7 38. Rd3 Bc8 39. Rf3 Qg7 40. Rf6 Rf7 41. Rg6 1-0

[Event "45th Olympiad Budapest 2024"]
[Site "Budapest"]
[Date "2024.09.11"]
[Round "1"]
[Board "2"]
[White "Aliaga Fernandez, Ingrid Y"]
[Black "Boitumelo, Sethabathaba"]
[Result "1-0"]
[WhiteElo "2111"]
[BlackElo "1571"]
[PlyCount "65"]
[EventDate "2024.09.11"]
[EventType "team-tourn"]
[EventRounds "11"]
[EventCountry "HUN"]
[WhiteTeam "Peru"]
[BlackTeam "Lesotho"]
[WhiteTeamCountry "PER"]
[BlackTeamCountry "LES"]

1. e4 e5 2. Nf3 Nc6 3. d4 exd4 4. Nxd4 Nf6 5. Nxc6 bxc6 6. e5 Qe7 7. Qe2 Nd5 8. Nd2 g6 9. c4 Ba6 10. Qe4 ({RR} 10. Nf3 Qb4+ 11. Kd1 Rb8 12. Qc2 Ne7 13. Bd3 Bg7 14. a3 Qb7 15. Re1 O-O 16. Bg5 Rfe8 17. b4 d5 18. c5 Bxd3 {½-½ Radjabov,T (2744)-Aronian,L (2801) Wch Blitz 5th 2010 (1)}) 10... Nb6 ({RR} 10... f5 11. exf6 Nxf6 12. Qxe7+ Bxe7 13. b3 O-O 14. f3 Rae8 15. Kd1 d5 16. Kc2 Bc8 17. Bb2 Bf5+ 18. Kd1 Bd6 19. Rc1 a5 20. g4 Bd7 21. h4 Be5 22. Ba3 Rf7 23. Bd3 a4 24. h5 gxh5 25. g5 {½-½ Abdumalik,Z (2473)-Dronavalli,H (2502) Asian Games Women 2023 (6.3)}) 11. Bd3 Bg7 12. O-O Bxe5 $146 ({RR} 12... O-O 13. Re1 Rfe8 14. Nf3 d5 15. cxd5 cxd5 16. Qe2 Bxd3 17. Qxd3 c5 18. Bg5 Qe6 19. Rac1 Nc4 20. Qc2 Nxe5 21. Qxc5 Nxf3+ 22. gxf3 Qf5 23. Bh4 Bxb2 24. Rxe8+ Rxe8 25. Qb5 Bxc1 26. Qxe8+ Kg7 27. Be7 {0-1 Mokshanov,A (2425)-Sychev,K (2419) RUS-chT2 Sochi 2016 (7.7)}) ({RR} 12... O-O 13. Re1 Rae8 14. Nf3 Qe6 15. b3 f6 16. Ba3 fxe5 17. Bxf8 Rxf8 18. Qh4 Bf6 19. Qg3 d6 20. Rac1 Bc8 21. h3 Qf7 22. Re2 Nd7 23. Ng5 Bxg5 24. Qxg5 Nc5 25. Qe3 Ne6 {½-½ Vuckovic,A (2288)-Taggatz,M (2278) Oberliga Bayern 1112 2011 (3.2)}) ({RR} 12... O-O-O 13. Re1 c5 14. b4 Bb7 15. bxc5 Bxe4 16. Nxe4 Na4 17. Bg5 Qxe5 18. Rab1 Nxc5 19. Nxc5 Qxc5 20. Be7 Qd4 21. Rb3 Rde8 22. c5 Qa4 23. Reb1 d5 24. Bb5 Qxb3 25. Rxb3 Rxe7 26. c6 Re1+ {0-1 Gheorghiu,C (2286)-Mohammad Fahad,R (2409) Titled Tuesday intern op 08th Mar Early blitz 2022 (4)}) 13. Nf3 Bf6 14. Qf4 O-O-O 15. Be3 Bxb2 16. Rab1 Qf6 17. Qg3 h6 18. Rfd1 Rh7 19. Qg4 Ba3 20. c5 Bxd3 21. Rxd3 Bxc5 22. Bxc5 Qe6 23. Qb4 d6 24. Be3 Qxa2 25. Ra3 Qc4 26. Qa5 Kd7 27. Rc3 Qa4 28. Bxb6 Qe4 29. Re1 axb6 30. Qa1 Qd5 31. Rce3 f5 32. Rd1 Qf7 33. Ne5+ 1-0

[Event "45th Olympiad Budapest 2024"]
[Site "Budapest"]
[Date "2024.09.11"]
[Round "1"]
[Board "1"]
[White "Medic, Mirjana"]
[Black "Gertrude, Banini"]
[Result "1-0"]
[WhiteElo "2101"]
[BlackElo "1712"]
[PlyCount "103"]
[EventDate "2024.09.11"]
[EventType "team-tourn"]
[EventRounds "11"]
[EventCountry "HUN"]
[WhiteTeam "Croatia"]
[BlackTeam "Ghana"]
[WhiteTeamCountry "CRO"]
[BlackTeamCountry "GHA"]

1. d4 d5 2. Nf3 Nf6 3. c4 c6 4. e3 a6 5. Nc3 Bg4 6. h3 Bh5 7. cxd5 ({RR} 7. g4 Bg6 8. Ne5 Nfd7 9. Nxg6 hxg6 10. cxd5 cxd5 11. Nxd5 e6 12. Nc3 Nc6 13. Bg2 Qb6 14. Qb3 Qxb3 15. axb3 Rc8 16. Bd2 Be7 17. Ke2 g5 18. Rhc1 Nf6 19. Na4 O-O 20. Nc5 Bxc5 21. Rxc5 Ne7 {1-0 Fridman,D (2604)-Polaczek,R (2423) ACP Blitz Playchess.com INT 2006 (2)}) 7... cxd5 8. Qb3 Ra7 9. Be2 $146 ({RR} 9. Ne5 e6 10. Bd3 Bd6 11. f4 O-O 12. O-O Bg6 13. Nxg6 hxg6 14. Bd2 b5 15. a3 Nc6 16. Ne2 Qb6 17. Rac1 Raa8 18. Rc2 Rac8 19. Rfc1 Ne7 20. Rxc8 Rxc8 21. Rxc8+ Nxc8 22. Bb4 Qc6 23. Kf2 Bxb4 {0-1 Kucharski,M (1973)-Schweitzer,W (2060) Vienna Kavalier op 6th 2011 (4)}) ({RR} 9. Ne5 e6 10. Bd2 Bd6 11. f4 Bg6 12. Be2 Nbd7 13. O-O O-O 14. Be1 Ne4 15. Nxg6 hxg6 16. Nxe4 dxe4 17. Qc2 Nf6 18. Bh4 Qc8 19. Rac1 Qxc2 20. Rxc2 Nd5 21. Kf2 f6 22. Bc4 Raa8 23. Rfc1 Rac8 {0-1 Kaminski,V (2247)-Timerkhanov,A (2307) Titled Tue 30th Jul Early 2024 (10)}) ({RR} 9. g4 Bg6 10. g5 Ne4 11. Qxd5 Qxd5 12. Nxd5 e6 13. Nc3 Bb4 14. Bd2 Nxd2 15. Kxd2 h6 16. Bd3 Bh5 17. Ne5 hxg5 18. a3 Ba5 19. b4 Bd8 20. Rac1 Nd7 21. Ne4 Nxe5 22. dxe5 Ra8 23. Nd6+ Ke7 {1-0 Mekhitarian,K (2554)-Gubajdullin,A (2344) Titled Tuesday intern op 28th Apr blitz 2020 (2)}) 9... e6 10. Ne5 Bxe2 11. Nxe2 Bd6 12. O-O O-O 13. Bd2 Nbd7 14. Nd3 Ne4 15. Bb4 Bxb4 16. Qxb4 Nb8 17. Rfc1 Nc6 18. Qe1 Ra8 19. Nc5 Nxc5 20. Rxc5 Rc8 21. Rac1 Qb6 22. Qc3 h6 23. b4 Ne7 24. Nf4 Rc6 25. Nd3 Rfc8 26. a4 Qc7 27. Qa3 Qb8 28. b5 axb5 29. axb5 Rxc5 30. dxc5 Kf8 31. Qc3 Qc7 32. Ra1 Qd8 33. Ra7 Rb8 34. Qa3 Ke8 35. Ne5 Nc8 36. Ra4 Qc7 37. Nd3 Ne7 38. Qa1 Kf8 39. Qb2 Qd7 40. Ra7 Qc8 41. Qa3 Qd8 42. c6 bxc6 43. bxc6 Rc8 44. Ne5 Ke8 45. Rd7 Nxc6 46. Rxd8+ Nxd8 47. Qa4+ Kf8 48. Qd7 Ra8 49. g4 Kg8 50. Kg2 Kf8 51. h4 Kg8 52. Qe8+ 1-0

[Event "45th Olympiad Budapest 2024"]
[Site "Budapest"]
[Date "2024.09.11"]
[Round "1"]
[Board "3"]
[White "Benzon, Tiffany"]
[Black "Korenova, Martina"]
[Result "0-1"]
[WhiteElo "1610"]
[BlackElo "2104"]
[PlyCount "56"]
[EventDate "2024.09.11"]
[EventType "team-tourn"]
[EventRounds "11"]
[EventCountry "HUN"]
[WhiteTeam "Guam"]
[BlackTeam "Czech Republic"]
[WhiteTeamCountry "GMA"]
[BlackTeamCountry "CZE"]

1. e4 e5 2. Nf3 Nc6 3. Bc4 Bc5 4. Nc3 Nf6 5. O-O d6 6. d3 Bg4 7. Be3 Nd4 8. Bxd4 Bxd4 9. h3 Bh5 10. g4 ({RR} 10. Kh2 Qd7 11. Qd2 O-O-O 12. Nxd4 exd4 13. Ne2 c5 14. Nf4 Bg6 15. Qa5 Kb8 16. b4 Qc6 17. b5 Qb6 18. Qxb6 axb6 19. Nd5 Nxd5 20. Bxd5 f5 21. Rfe1 Rhe8 22. exf5 Bxf5 23. Bf7 Rxe1 24. Rxe1 Rd7 {1-0 Bourgeois,F (2033)-Chevillon,C (1433) FRA-ch Blitz Online Qual 2020 (11)}) 10... Nxg4 11. hxg4 Bxg4 12. Bxf7+ $146 ({RR} 12. Nd5 Bh3 13. c3 Bb6 14. Re1 h5 15. Qd2 Rh6 16. Kh2 Bg4 17. Ng5 Rg6 18. f4 exf4 19. Nxc7+ Kf8 20. Qxf4 Qe7 21. Qxf7+ Qxf7 22. Nxf7 Bxc7 23. Bd5 Ke7 24. Rf1 Be6 25. Rae1 Rf8 26. Bxe6 Rxe6 {0-1 De Castro,E-Navarro Segura,R (2325) Olympiad-28 Thessaloniki 1988 (1)}) ({RR} 12. Kg2 h5 13. Rg1 c6 14. Qd2 Bxf3+ 15. Kxf3 Qh4 16. Raf1 Rh6 17. Ke2 Rf6 18. Nd1 Rf4 19. Ne3 g6 20. c3 Bb6 21. Kd1 O-O-O 22. Kc2 Qf6 23. b4 Rf3 24. Qe2 h4 25. b5 h3 26. bxc6 bxc6 {1-0 Everet,A (2105)-Lupo,A Bratto op 15th 1995}) ({RR} 12. Kg2 Qf6 13. Nd5 Qd8 14. Rg1 c6 15. Nc3 Qf6 16. Qe2 h5 17. Rh1 h4 18. Rh3 Bxh3+ 19. Kxh3 g5 20. Nh2 O-O-O 21. Ng4 Qe7 22. Qf3 Rdf8 23. Qf5+ Kb8 24. a4 a5 25. Rb1 f6 26. Ne2 Bb6 {1-0 Nemecky,J (1489)-Odehnalova,A (1553) Strmilov op 2004 (4)}) 12... Kxf7 13. Nxe5+ dxe5 14. Qxg4 Rf8 15. Qh5+ Kg8 16. Kg2 c6 17. Ne2 Rf6 18. Ng3 Qf8 19. Qe2 Rd8 20. Rad1 Qf7 21. c3 Bb6 22. b4 g6 23. Qc2 Rf3 24. Ne2 Rxf2+ 25. Rxf2 Qxf2+ 26. Kh3 Rf8 27. Qb3+ Kg7 28. Ng3 Rf3 0-1

[Event "45th Olympiad Budapest 2024"]
[Site "Budapest"]
[Date "2024.09.11"]
[Round "1"]
[Board "1"]
[White "Zherebtsova, Alexandra"]
[Black "Magno, Angelica"]
[Result "1-0"]
[WhiteElo "2239"]
[BlackElo "1544"]
[PlyCount "49"]
[EventDate "2024.09.11"]
[EventType "team-tourn"]
[EventRounds "11"]
[EventCountry "HUN"]
[WhiteTeam "Montenegro"]
[BlackTeam "Palau"]
[WhiteTeamCountry "MNE"]
[BlackTeamCountry "PAL"]

1. d4 d6 2. c4 Nf6 3. Nc3 g6 4. e4 Bg7 5. h3 b6 ({RR} 5... a5 6. Be3 c6 7. Nf3 Nbd7 8. e5 dxe5 9. dxe5 Ng8 10. e6 fxe6 11. Ng5 Ne5 12. Qxd8+ Kxd8 13. Na4 h6 14. O-O-O+ Ke8 15. Nb6 Rb8 16. Nf3 Nxf3 17. gxf3 e5 18. Nxc8 Rxc8 19. Bd3 Kf7 20. Rdg1 {1-0 Andreikin,D (2729)-Bortnyk,M (2461) Titled Tuesday intern op 13th Sep Late blitz 2022 (6)}) ({RR} 5... h5 6. Be3 c6 7. Nf3 Qc7 8. e5 Nh7 9. Bd3 dxe5 10. Nxe5 Bxe5 11. dxe5 Qxe5 12. O-O Qg7 13. Re1 Nf6 14. Qd2 Be6 15. Ne2 Bf5 16. Bxf5 gxf5 17. Ng3 Rg8 18. Qb4 e6 19. Qxb7 Nfd7 20. Rad1 {1-0 Aleksandrov,A (2429)-Artelnykh,L (1718) 22nd Orsha Open A 2024 (2.1)}) 6. Nf3 c5 $146 ({RR} 6... Bb7 7. d5 O-O 8. Bd2 Re8 9. Bd3 e6 10. O-O Nbd7 11. Re1 Nc5 12. Bg5 Qd7 13. b4 Nxd3 14. Qxd3 Re7 15. b5 Rae8 16. e5 exd5 17. exf6 Rxe1+ 18. Rxe1 Rxe1+ 19. Nxe1 dxc4 20. Qxc4 Bf8 21. Nd5 {1-0 Dang,A-Nguyen,P VIE-ch U09 Hue 2003 (2)}) ({RR} 6... Bb7 7. Bd3 Nfd7 8. Be3 c5 9. d5 Na6 10. a3 Nc7 11. O-O e6 12. Nh2 Nf6 13. f4 Qe7 14. Qd2 h5 15. Rae1 h4 16. f5 Nh5 17. fxg6 fxg6 18. Bg5 Bf6 19. Bxf6 Nxf6 20. Qg5 Rf8 21. Qxg6+ {1-0 Vaszlik,I-Bako,M (1436) Borsod-chT2 1415 2014 (4.8)}) ({RR} 6... Bb7 7. Bd3 O-O 8. O-O c5 9. d5 a6 10. Bg5 h6 11. Be3 Nbd7 12. Qd2 Kh7 13. Nh2 Rh8 14. f4 Qf8 15. Nf3 Kg8 16. Rae1 Re8 17. e5 Nh7 18. e6 fxe6 19. dxe6 Ndf6 20. Bxg6 {1-0 Gradl,W (2039)-Schuerer,H (1457) Erbendorf op 2009 (1)}) 7. dxc5 bxc5 8. e5 Nfd7 9. exd6 Bxc3+ 10. bxc3 O-O 11. Be2 Nc6 12. O-O e6 13. Be3 f5 14. Ng5 Qe8 15. Bf3 Bb7 16. Nxe6 Nf6 17. Nxf8 Qxf8 18. Rb1 Rb8 19. Rxb7 Rxb7 20. Bxc6 Rf7 21. Bxc5 Kg7 22. d7 Qd8 23. Bd4 Kf8 24. Bxf6 Rxf6 25. Ba4 1-0

[Event "45th Olympiad Budapest 2024"]
[Site "Budapest"]
[Date "2024.09.11"]
[Round "1"]
[Board "1"]
[White "Georgina, Sackie"]
[Black "Librelato, Kathie Goulart"]
[Result "1/2-1/2"]
[WhiteElo "1688"]
[BlackElo "2181"]
[PlyCount "114"]
[EventDate "2024.09.11"]
[EventType "team-tourn"]
[EventRounds "11"]
[EventCountry "HUN"]
[WhiteTeam "Liberia"]
[BlackTeam "Brazil"]
[WhiteTeamCountry "LBR"]
[BlackTeamCountry "BRA"]

1. d4 d5 2. c4 e6 3. Nc3 c6 4. cxd5 exd5 5. Nf3 Bd6 6. Bg5 f6 7. Bh4 Ne7 8. Bg3 O-O ({RR} 8... Bg4 9. e3 O-O 10. Bd3 f5 11. Bxd6 Qxd6 12. Ne2 Bxf3 13. gxf3 Nd7 14. Qd2 c5 15. dxc5 Nxc5 16. O-O-O Qb6 17. Kb1 Rad8 18. Bc2 Nc6 19. Qc3 Rf7 20. Nf4 Ne7 21. Rd4 Rf6 22. Rhd1 Rfd6 23. h4 {0-1 Dambacher,M (2388)-Bellini,F (2501) Amsterdam ACT op 2nd 2005 (8)}) 9. e3 Na6 $146 ({RR} 9... Re8 10. Be2 Qc7 11. Qd2 a5 12. Rc1 Qd8 13. O-O Bxg3 14. hxg3 Nf5 15. Bd3 Nh6 16. Qc2 f5 17. Na4 Na6 18. a3 g6 19. Qb3 b5 20. Nc5 Nxc5 21. Rxc5 Bb7 22. Ne5 Qd6 23. Rfc1 Re6 24. a4 {1-0 Truman,R (1952)-Wills,A (1714) South Wales op 11th 2014 (1)}) ({RR} 9... Bf5 10. Bd3 Bxg3 11. hxg3 Qd7 12. Qc2 Na6 13. a3 Nc7 14. Bxf5 Qxf5 15. Qxf5 Nxf5 16. g4 Nd6 17. g5 Rae8 18. gxf6 Rxf6 19. Ng5 Rg6 20. Nh3 Rxg2 21. Nf4 Rg4 22. O-O-O Ne6 23. Nd3 Rf8 24. f3 {0-1 Rosenstein,W-Ainakul,M (1935) FIDE World Bl Team Final 2024 (3.2)}) ({RR} 9... b6 10. Bd3 Ba6 11. O-O Bxg3 12. hxg3 Qd6 13. a3 c5 14. Bxa6 Nxa6 15. Rc1 Nc7 16. dxc5 bxc5 17. Ne4 {½-½ Vagner,P (1734)-Mejzlik,V (2077) Nachod op 2012 (7)}) ({RR} 9... Re8 10. Bd3 Bf5 11. Qc2 Bxd3 12. Qxd3 Na6 13. O-O Bxg3 14. hxg3 Qd7 {½-½ Tsvetkov,A-Popov,V BUL-ch03 Sofia 1948 (14)}) 10. a3 Nc7 11. Bd3 Bf5 12. Qc2 Bxd3 13. Qxd3 Re8 14. Bxd6 Qxd6 15. O-O Rad8 16. Rab1 a5 17. Rfc1 Ne6 18. a4 Qb4 19. Ne1 Nc8 20. Nc2 Qb3 21. Na1 Qb4 22. Nc2 Qe7 23. b4 axb4 24. Rxb4 Nd6 25. Rcb1 f5 26. Ne1 f4 27. e4 dxe4 28. Nxe4 Nc7 29. Nd2 c5 30. dxc5 Nf7 31. Qc2 Qxe1+ 32. Rxe1 Rxe1+ 33. Nf1 Rdd1 34. Qc4 Rc1 35. Qd3 Red1 36. Qe2 Re1 37. Qd3 Rcd1 38. Qc4 Rxf1+ 39. Qxf1 Rxf1+ 40. Kxf1 Nd8 41. Rxf4 Nce6 42. Rc4 Kf7 43. Ke2 Nc6 44. g3 Na5 45. Rb4 Nxc5 46. Rb5 Nab3 47. Ke3 Ke6 48. h4 Kd5 49. g4 Nd4 50. Rb2 Nc6 51. f4 Na5 52. Rb4 Nc4+ 53. Kf3 b6 54. g5 g6 55. Kg4 Ne3+ 56. Kf3 Nc4 57. Kg4 Ne3+ 1/2-1/2

[Event "45th Olympiad Budapest 2024"]
[Site "Budapest"]
[Date "2024.09.11"]
[Round "1"]
[Board "2"]
[White "Limontaite, Simona"]
[Black "Moreno Mora, Milaydes Lourdes"]
[Result "1-0"]
[WhiteElo "2177"]
[BlackElo "1694"]
[PlyCount "65"]
[EventDate "2024.09.11"]
[EventType "team-tourn"]
[EventRounds "11"]
[EventCountry "HUN"]
[WhiteTeam "Lithuania"]
[BlackTeam "Aruba"]
[WhiteTeamCountry "LTU"]
[BlackTeamCountry "ARN"]

1. d4 Nf6 2. c4 b6 3. Nc3 Bb7 4. Qc2 e6 5. Bg5 Bb4 6. a3 Bxc3+ 7. Qxc3 h6 8. Bh4 g5 9. Bg3 Ne4 10. Qc2 d6 11. e3 ({RR} 11. f3 Nxg3 12. hxg3 Nc6 13. O-O-O f5 14. e3 Qf6 15. Ne2 O-O-O 16. Nc3 h5 17. Qa4 Kb8 18. Be2 h4 19. gxh4 Rxh4 20. Rxh4 gxh4 21. c5 Qg5 22. Bb5 Qxe3+ 23. Kb1 Ne7 24. c6 Ba8 25. d5 Nxd5 {½-½ Nepomniachtchi,I (2784)-Kovalev,V (2648) Titled Tuesday intern op 9th June blitz 2020 (6)}) 11... Nd7 12. f3 ({RR} 12. Nf3 f5 13. Bd3 Qf6 14. O-O-O O-O-O 15. Ne1 h5 16. f3 Nxg3 17. hxg3 h4 18. gxh4 Rxh4 19. Rxh4 gxh4 20. d5 Rf8 21. dxe6 Qxe6 22. Qf2 f4 23. Qxh4 Qxe3+ 24. Kb1 Qe5 25. Qg4 Bc6 26. Bc2 Qf6 {½-½ Aakash,G (1935)-Laxman,R (2338) 14th Chennai Open 2023-24 (6.5)}) 12... Nxg3 13. hxg3 g4 $146 ({RR} 13... Qe7 14. O-O-O O-O-O 15. Ne2 f5 16. Nc3 h5 17. Bd3 g4 18. Qf2 Rdg8 19. Kb1 h4 20. gxh4 g3 21. Qc2 Rxh4 22. Rxh4 Qxh4 23. d5 Nc5 24. dxe6 Nxd3 25. Qxd3 Qf6 26. Nd5 Qxe6 27. Qxf5 {0-1 Witek,T (2155)-Delega,T (2164) Warsaw YMCA Autumn 52nd 2008 (6)}) ({RR} 13... Qe7 14. g4 c5 15. Bd3 cxd4 16. exd4 d5 17. cxd5 Bxd5 18. Ne2 Nf6 19. Rc1 Kf8 20. Qc7 Qxc7 21. Rxc7 a5 22. Kf2 Kg7 23. Rhc1 h5 24. gxh5 Rxh5 25. Rc8 Rxc8 26. Rxc8 Rh8 27. Rxh8 Kxh8 28. Nc3 {½-½ Hudyakov,S (2094)-Kharchenko,B (2494) Dvorkovich Memorial op 2014 (1)}) ({RR} 13... Qe7 14. Bd3 O-O-O 15. g4 Kb8 16. Ne2 e5 17. O-O-O Rde8 18. Ng3 Qf6 19. Bf5 Nf8 20. d5 Qe7 21. Rh5 Nd7 22. Rdh1 b5 23. Rxh6 Rxh6 24. Rxh6 Nb6 25. b3 bxc4 26. bxc4 Ba6 27. Bd3 Qd7 28. Ne4 {1-0 Matveeva,S (2375)-Tsogzolmaa,N (1884) Wch Blitz (Women) 2019 (12)}) 14. Bd3 gxf3 15. gxf3 Qg5 16. Qf2 O-O-O 17. O-O-O Kb8 18. Kb1 d5 19. Ka1 dxc4 20. Bxc4 Qg7 21. Ne2 Nf6 22. e4 Ne8 23. Rc1 Nd6 24. Bd3 e5 25. d5 Rdf8 26. g4 h5 27. gxh5 f5 28. Qe3 f4 29. Qg1 Qd7 30. Qg5 Nf7 31. Qf6 Rh6 32. Qg7 Rg8 33. Qxg8+ 1-0

[Event "45th Olympiad Budapest 2024"]
[Site "Budapest"]
[Date "2024.09.11"]
[Round "1"]
[Board "1"]
[White "Ryjanova, Julia"]
[Black "Pg Hj Janudin, Dk Siti Haziqah"]
[Result "1-0"]
[WhiteElo "2255"]
[BlackElo "1711"]
[PlyCount "67"]
[EventDate "2024.09.11"]
[EventType "team-tourn"]
[EventRounds "11"]
[EventCountry "HUN"]
[WhiteTeam "Australia"]
[BlackTeam "Brunei Darussalam"]
[WhiteTeamCountry "AUS"]

1. d4 d6 2. Nf3 Nf6 3. b3 g6 4. Bb2 Bg7 5. g3 Nbd7 6. Bg2 O-O 7. O-O Re8 8. c4 c6 9. Nc3 e5 10. e4 exd4 11. Nxd4 Nc5 12. Qc2 Qb6 13. Rad1 ({RR} 13. Rfd1 a5 14. Rab1 Ng4 15. h3 Ne5 16. Bc1 a4 17. Be3 axb3 18. axb3 Qb4 19. f4 Ned7 20. Bf2 Ra3 21. Na2 Qa5 22. b4 Qa6 23. Nc1 Na4 24. Ncb3 Nab6 25. b5 Qa4 26. bxc6 bxc6 27. e5 dxe5 {0-1 Khismatullin,D (2658)-Tkachiev,V (2649) Wch Blitz 7th 2013 (29)}) ({RR} 13. Rfd1 Bg4 14. Rd2 Rad8 15. h3 Bc8 16. Rad1 a5 17. Ba3 Bh6 18. f4 Nh5 19. Nce2 Nxg3 20. Nxg3 Bxf4 21. Nge2 Bxd2 22. Rxd2 Nd7 23. Bxd6 c5 24. Nb5 Ne5 25. Qc3 Qc6 26. Rd5 f6 27. Na7 Qa6 {1-0 Blomer,M (1939)-Weisskopf,L (2026) 51st Sparkassen Open A 2024 (3.93)}) 13... Bg4 14. f3 Ne6 $146 ({RR} 14... Bd7 15. Qf2 Rad8 16. h3 Bc8 17. Nc2 a5 18. Bc1 Qc7 19. Nd4 Qe7 20. Rde1 Nfd7 21. Kh2 Qf6 22. Qc2 Nf8 23. Be3 Nfe6 24. Nce2 h6 25. Qd2 h5 26. Qxa5 h4 27. g4 Qe7 28. Kh1 Nxd4 29. Nxd4 {1-0 Donner,J-Kuijpers,F IBM Amsterdam 1963 (8)}) ({RR} 14... Bd7 15. Kh1 Rad8 16. Rd2 a5 17. Rfd1 Bc8 18. Nde2 Qc7 19. Nf4 Qe7 20. Ba3 b6 21. Nd3 Nfd7 22. Nb2 Nf8 23. Nba4 Qc7 24. Bb2 h5 25. a3 h4 26. b4 axb4 27. axb4 Nxa4 28. Nxa4 Be5 29. c5 {0-1 Gaya Llodra,J (2200)-Bernal Moro,L (2395) ESP-ch Lleida 1991 (2)}) ({RR} 14... Bd7 15. Rf2 Rad8 16. Nde2 Bc8 17. Nf4 h5 18. h4 Qc7 19. Rfd2 Qe7 20. Nce2 a5 21. Bc3 b6 22. Qb2 Bb7 23. Kh1 Rf8 24. Ng1 Ne8 25. e5 Ne6 26. Nxe6 Qxe6 27. Bh3 Qe7 28. exd6 Qe3 29. Bxg7 {0-1 Singer,R (2210)-Freitag,M (2275) AUT-chT Austria 1994}) 15. Na4 Qc7 16. fxg4 Nxg4 17. Nxe6 Rxe6 18. Rde1 a6 19. Bxg7 Kxg7 20. Bh3 h5 21. Bxg4 hxg4 22. Rf4 b5 23. Qc3+ Re5 24. Nb2 Qb6+ 25. Kg2 Rh8 26. Nd3 f6 27. Nxe5 dxe5 28. c5 Qb8 29. Rf2 Rh5 30. Rd1 f5 31. Rd7+ Kf6 32. Rd6+ Kg5 33. Qxe5 Qa7 34. Qf4# 1-0